Statistics for London - Groups of 5

Click here to take the quiz!

General Stats

  • This quiz has been taken 120 times
  • The average score is 13 of 30

Answer Stats

HintAnswer% Correct
Tallest Structures - 1The Shard
90%
Busiest Train Stations - 1London Waterloo
82%
Busiest Tube Stations - 2Waterloo
82%
Busiest Tube Stations - 1Kings Cross St. Pancras
80%
Oldest Bridges - 1London Bridge
75%
Busiest Tube Stations - 5London Bridge
74%
Busiest Train Stations - 4London Bridge
74%
Busiest Train Stations - 2London Victoria
72%
Busiest Tube Stations - 4Victoria
72%
Busiest Train Stations - 5London Euston
64%
Earliest Tube Lines - 2Hammersmith & City
60%
Earliest Tube Lines - 4Circle
59%
Earliest Tube Lines - 5Northern
53%
Earliest Tube Lines - 3District
52%
Oldest Bridges - 3Westminster Bridge
51%
Busiest Train Stations - 3London Liverpool Street
48%
Earliest Tube Lines - 1Metropolitan
38%
Busiest Tube Stations - 3Oxford Circus
29%
Oldest Bridges - 4Blackfriar's Bridge
25%
Largest Borough - 1Croydon
24%
Largest Borough - 3Ealing
20%
Largest Borough - 4Enfield
20%
Tallest Structures - 4122 Leadenhall, "The Cheesegrater"
19%
Oldest Bridges - 5Richmond Bridge
17%
Largest Borough - 2Barnet
16%
Largest Borough - 5Newham
9%
Tallest Structures - 2One Canada Square
8%
Oldest Bridges - 2Fulham Railway Bridge & Footbridge
7%
Tallest Structures - 3110 Bishopsgate, Salesforce Tower
3%
Tallest Structures - 5Crystal Palace Transmitter
1%

Score Distribution

Percentile by Number Answered

Percent of People with Each Score

Your Score History

You have not taken this quiz